On the penitentiary system in the United States and its application in France /

Bibliographic Details
Main Author: Beaumont, Gustave de, 1802-1866
Other Authors: Tocqueville, Alexis de, 1805-1859
Format: Book
Language:English
Published: Carbondale : Southern Illinois University Press, [1964]
Series:Perspectives in sociology.
Subjects:

MARC

Tag First Indicator Second Indicator Subfields
LEADER 00000cam a2200000 4500
001 in00000054775
005 20151008052113.0
008 720329s1964 ilu 00010 eng
010 |a  64022000  
035 |a (OCoLC)00272694 
035 |9 AAH1688AM 
040 |a DLC  |c WSU  |d OCL  |d TXA  |d UtOrBLW 
049 |a TXAM  |c [410864] 
050 0 |a HV9473  |b .B4 1964 
082 0 |a 365.973 
092 |a 365.973  |b B379o 
100 1 |a Beaumont, Gustave de,  |d 1802-1866. 
245 1 0 |a On the penitentiary system in the United States and its application in France /  |c [by] Gustave de Beaumont & Alexis de Tocqueville. Introd. by Thorsten Sellin. Foreword by Herman R. Lantz. 
264 1 |a Carbondale :  |b Southern Illinois University Press,  |c [1964] 
300 |a xl, 222 pages ;  |c 22 cm. 
336 |a text  |b txt  |2 rdacontent 
337 |a unmediated  |b n  |2 rdamedia 
338 |a volume  |b nc  |2 rdacarrier 
490 1 |a Perspectives in sociology 
650 0 |a Prisons  |z United States. 
650 0 |a Penal colonies. 
700 1 |a Tocqueville, Alexis de,  |d 1805-1859. 
830 0 |a Perspectives in sociology. 
999 |a MARS 
999 f f |s ef583a84-eca1-3d3e-bea7-25b6cefeafa0  |i 0255c879-5ef1-3fae-9434-bd44f8c0e2e6  |t 0 
952 f f |p ric  |a Texas A&M University  |b Rellis Campus  |c Joint Library Facility  |d Remote Storage  |t 0  |e HV9473 .B4 1964  |h Library of Congress classification  |i unmediated -- volume  |m A14800815135 
998 f f |a HV9473 .B4 1964  |t 0  |l Remote Storage